000 00426pab a2200169 454500
008 180718b2009 xxu||||| |||| 00| 0 eng d
100 _aSah, D.C.
245 _aShocks and seasonal migration (evidence from central tribal belt of India)
260 _c2009
300 _ap.77-100.
362 _aJun
650 _aMigration
650 _aLabour migration
773 _aMan and Development
908 _aN
909 _a83307
999 _c83307
_d83307